Bioinformatics: BIOS instant notes (Record no. 31256)

MARC details
000 -LEADER
fixed length control field 00487nam a2200181Ia 4500
008 - FIXED-LENGTH DATA ELEMENTS--GENERAL INFORMATION
fixed length control field 230917s9999||||xx |||||||||||||| ||und||
020 ## - ISBN
Price RS525
040 ## - CATALOGING SOURCE
-- 255645
Original cataloging agency VIVEKANANDA LIBRARY
041 ## - Language
-- English
082 ## - DDC NUMBER
Classification number 570.0285 H668B(2)
100 ## - MAIN ENTRY--PERSONAL NAME
Personal name Hodgman, T Charlie
245 #0 - TITLE STATEMENT
Title Bioinformatics: BIOS instant notes
250 ## - EDITION STATEMENT
Edition statement 2nd ed.
260 ## - PUBLICATION, DISTRIBUTION, ETC. (IMPRINT)
Place of publication, distribution, etc New York
Name of publisher, distributor, etc Garland Science
Date of publication, distribution, etc 2015
300 ## - PHYSICAL DESCRIPTION
Pages viii, 340 p.
500 ## - GENERAL NOTE
General note 3472 08/05/2019 PBA19/56 09/05/2019 Main Budget
942 ## - ADDED ENTRY ELEMENTS (KOHA)
Koha item type Books
Holdings
Withdrawn status Lost status Damaged status Not for loan Location (home branch) Sublocation or collection (holding branch) Date acquired Koha issues (times borrowed) Koha full call number Accession No. Koha date last seen Koha item type
        VIVEKANANDA LIBRARY VIVEKANANDA LIBRARY 20/06/2019   570.0285 H668B(2) 383339 17/09/2023 Books
        VIVEKANANDA LIBRARY VIVEKANANDA LIBRARY 20/06/2019   570.0285 H668B(2) 383340 17/09/2023 Books
        VIVEKANANDA LIBRARY VIVEKANANDA LIBRARY 20/06/2019   570.0285 H668B(2) 383341 17/09/2023 Books
© Designed and Maintained by Vivekananda Library, MDU Rohtak